00981cac a22002775a 450000500170000000800410001701000160005802000160007402000170009004000290010708200230013611000420015924500940020126000570029530000400035250000190039259000200041165000330043165000270046465000290049165100100052065300230053094200270055399900150058095201080059520150811111519.0100916t1982 caual fr 001 0 eng d a 81082866 a0376030208  a070661030203 aEG-ScBUEbeng cEG-ScBUE04a635.93362bAZA2222 aSunset books : Sunset magazine91935810aAzaleas, Rhododendrons & Camellias /cby the editors of sunset books and sunset magazine. aMenlo Park, California :bLane Publishing, cc.1982. a96 p. :bill. (some col.) ;c28 cm. aIndex : p. 96. aMohamed Hussein 0aRhododendrons.9193642BUEsh 0aAzaleas.9193652BUEsh 0aCamellias.9193662BUEsh 2BUEsh bENGGENcAugust2015 cBBk635.93362 AZA2ddc c6072d6072 00104070aMAINbMAINc1STd2013-11-07ePurchasel0o635.93362 AZAp000007679r2025-07-15 00:00:00yBB